=LDR 00000nam 2200000 4500 =001 001225 =005 20250712033704 =035 ##$$a 0010-0725000922 =007 ta =008 250712###########################0#ind## =020 ##$$a 978-623-307-177-2 =082 ##$$a 398.209 598 =084 ##$$a 398.209 598 SET d =100 #$$a Setyabrata, Gagas =245 1#$$a D imana Rumah Lutung /$c Gagas Setyabrata =250 ##$$a Cetakan Ketiga =260 ##$$a Jakarta Timur :$b Badan Pengembangan dan Pembinaan Bahasa,$c 2024 =300 ##$$a 24 hlm. : $b ilus. ; $c 29,7 cm =650 #4$$a Cerita Anak-Indonesia =650 #4$$a Literasi-Bahan Bacaan =856 ##$$a TBM As Suhada